Financial accounting : a managerial perspective
Сохранить в:
| Главный автор: | |
|---|---|
| Другие авторы: | |
| Формат: | |
| Опубликовано: |
New Delhi :
Phi Learning Private Limited,
c2008.
|
| Редактирование: | 3rd ed. |
| Предметы: | |
| Метки: |
Добавить метку
Нет меток, Требуется 1-ая метка записи!
|
MARC
| LEADER | 00000nam a2200000 4500 | ||
|---|---|---|---|
| 005 | 20251003135910.0 | ||
| 020 | |a 9788120335622 |c TZs 15,316/= | ||
| 040 | |a MCCL |b eng. |e AACR 2nd rev. ed. | ||
| 082 | |a 658.1511 NAR | ||
| 100 | |a Narayanaswamy, R | ||
| 245 | |a Financial accounting : |b a managerial perspective |c / R. Narayanaswamy | ||
| 250 | |a 3rd ed. | ||
| 260 | |a New Delhi : |b Phi Learning Private Limited, |c c2008. | ||
| 300 | |a xxiv,699 p.; |b ill.: |c 24 cm. | ||
| 504 | |a Includes index | ||
| 546 | |a eng | ||
| 650 | |a Accounting | ||
| 650 | |a Managerial accounting | ||
| 650 | |a Capital | ||
| 650 | |a Inventories | ||
| 700 | |a Narayanaswamy, R. | ||
| 942 | |c BK | ||
| 999 | |c 11742 |d 11742 | ||